La prostitution / (Record no. 155030)

MARC details
000 -LEADER
campo de control de longitud fija 00647nam a22002055i 4500
001 - NÚMERO DE CONTROL
campo de control 155030
003 - IDENTIFICADOR DE NÚMERO DE CONTROL
campo de control ES-MaACL
005 - FECHA Y HORA DE LA ÚLTIMA TRANSACCIÓN
campo de control 20251003063135.0
008 - DATOS DE LONGITUD FIJA--INFORMACIÓN GENERAL
campo de control de longitud fija 991001s1882 fr |||| | fre d
040 ## - FUENTE DE CATALOGACIÓN
Centro catalogador/agencia de origen CAM
Lengua de catalogación spa
Centro/agencia transcriptor CAM
100 1# - ENTRADA PRINCIPAL--NOMBRE DE PERSONA
Nombre de persona Guyot, Yves,
Fechas asociadas al nombre 1843-1928
9 (RLIN) 61276
245 13 - MENCIÓN DEL TÍTULO
Título La prostitution /
Mención de responsabilidad, etc. par Yves Guyot.
260 ## - PUBLICACIÓN, DISTRIBUCIÓN, ETC.
Lugar de publicación, distribución, etc. Paris :
Nombre del editor, distribuidor, etc. G. Charpentier,
Fecha de publicación, distribución, etc. 1882 (
Fabricante A. Lahure)
300 ## - DESCRIPCIÓN FÍSICA
Extensión [4], II, 596 p. ;
Dimensiones 18 cm.
490 1# - MENCIÓN DE SERIE
Mención de serie Études de physiologie sociale
650 #4 - PUNTO DE ACCESO ADICIONAL DE MATERIA--TÉRMINO DE MATERIA
Término de materia o nombre geográfico como elemento de entrada Prostitución.
9 (RLIN) 16507
830 0# - PUNTO DE ACCESO ADICIONAL DE SERIE-TÍTULO UNIFORME
Título uniforme Études de physiologie sociale
9 (RLIN) 221531
852 ## - LOCALIZACIÓN
Ubicación ES-MaACL
Número de control de estantería D-1445
Nota libre -- Enc. hol.
Holdings
Estatus retirado Estado de pérdida Estado de daño No para préstamo Colección Biblioteca de origen Biblioteca actual Ubicación en estantería Fecha de adquisición Total de préstamos Signatura topográfica completa Código de barras Visto por última vez Precio de reemplazo Tipo de ítem Koha
        Libros del s. XIX Biblioteca del Ateneo de Madrid Biblioteca del Ateneo de Madrid Sala Valle Inclán 17/01/2008   D-1445 901162170 23/02/2023 23/02/2023 Libro impreso antiguo